LEADER 00889nam0-22003251i-450- 001 990006783180403321 005 20001010 035 $a000678318 035 $aFED01000678318 035 $a(Aleph)000678318FED01 035 $a000678318 100 $a20001010d--------km-y0itay50------ba 101 0 $aita 105 $ay-------001yy 200 1 $a<>grandi iniziati del nostro tempo$fPaola Giovetti 210 $aMilano$cRizzoli$d1993. 215 $a266 p. ill. 21 cm 610 0 $aSpiritisti - Sec. 18-20 610 0 $aReligiosi - Sec. 18-20 610 0 $aFilosofi - Sec. 18-20 676 $a133.9 700 1$aGiovetti,$bPaola$0158865 801 0$aIT$bUNINA$gRICA$2UNIMARC 901 $aBK 912 $a990006783180403321 952 $aXXXI VARIE 151$b20985$fFSPBC 959 $aFSPBC 996 $aGrandi iniziati del nostro tempo$9634928 997 $aUNINA DB $aGEN01 LEADER 02209nam 2200517 n 450 001 996394744703316 005 20200824121901.0 035 $a(CKB)4940000000120179 035 $a(EEBO)2248519182 035 $a(UnM)99825668e 035 $a(UnM)99825668 035 $a(EXLCZ)994940000000120179 100 $a19941102d1670 uy | 101 0 $aeng 135 $aurbn||||a|bb| 200 14$aThe whole duty of man$b[electronic resource] $elaid down in a plain and familiar way for the use of all, but especially the meanest reader. Divided into XVII. chapters; one whereof being read every Lords Day, the whole may be read over thrice in the year. Necessary for all families. With Private devotions for several occasions 210 $aLondon $cprinted by M. Garthwait in Little St. Bartholomews-Hospital, neer Smithfield$d1670 215 $a[24], 474, [6] p., [1] leaf of plate 300 $aAttributed to Richard Allestree. Sometimes also attributed to Dorothy Pakington, Richard Sterne, John Fell, or Humphrey Henchman and others. 300 $aPrefatory letter signed: H. Hammon. 300 $aWith an additional title page, engraved. 300 $a"Private devotions for several occasions" has separate dated title page; pagination and register are continuous. 300 $aIncludes index. 300 $aReproduction of the original in the British Library. 330 $aeebo-0018 606 $aChristian life$vEarly works to 1800 606 $aDevotional exercises$vEarly works to 1800 606 $aPrayers$vEarly works to 1800 615 0$aChristian life 615 0$aDevotional exercises 615 0$aPrayers 700 $aAllestree$b Richard$f1619-1681.$0793142 701 $aHammond$b Henry$f1605-1660.$0322258 702 $aFell$b John$f1625-1686, 702 $aSterne$b Richard$f1596?-1683, 702 $aPakington$b Dorothy Coventry$cLady,$fd. 1679, 702 $aHenchman$b Humphrey$f1592-1675, 702 $aAllestree$b Richard$f1619-1681.$4aut 801 0$bCu-RivES 801 1$bCu-RivES 801 2$bCStRLIN 801 2$bWaOLN 906 $aBOOK 912 $a996394744703316 996 $aThe whole duty of man$92308995 997 $aUNISA LEADER 01075nam 2200313Ia 450 001 996391784503316 005 20221108104957.0 035 $a(CKB)1000000000669873 035 $a(EEBO)2240942804 035 $a(OCoLC)12224780 035 $a(EXLCZ)991000000000669873 100 $a19850702d1648 uy | 101 0 $aeng 135 $aurbn||||a|bb| 200 12$aA declaration of Sir William Batten, late Vice-Admirall for the Parliament$b[electronic resource] $econcerning his departure from London, to His Highnesse the Prince of Wales 210 $aLondon $c[s.n.]$d1648 215 $a[2], 5 p 300 $aReproduction of original in Bodleian Library. 330 $aConcerns the loss of his commission and the sequestering of his estate. 330 $aeebo-0014 700 $aBatten$b William$cSir,$fd. 1667.$01007165 801 0$bEAA 801 1$bEAA 801 2$bm/c 801 2$bWaOLN 906 $aBOOK 912 $a996391784503316 996 $aA declaration of Sir William Batten, late Vice-Admirall for the Parliament$92319639 997 $aUNISA